| 000 | 01127nam a2200265 4500 | ||
|---|---|---|---|
| 001 | 131499 | ||
| 003 | ES-MaACL | ||
| 005 | 20251003180857.0 | ||
| 007 | t| | ||
| 008 | 070214s1973 sp r ||||1| spa d | ||
| 080 | _a860(8.03)-3.09"19" | ||
| 100 | 1 |
_aRodríguez Alcalá, Hugo. _998325 |
|
| 245 | 1 | 0 |
_aNarrativa hispanoamericana : _bGüiraldes-Carpentier-Roa Bastos-Rulfo : (estudios sobre invención y sentido) / _cHugo Rodríguez Alcalá. |
| 260 |
_aMadrid : _bGredos, _c1973. |
||
| 300 |
_a217 p. ; _c19 cm. |
||
| 490 | 1 |
_aBiblioteca románica hispánica VII. Campo abierto ; _v33 |
|
| 600 | 1 | 4 |
_aGüiraldes, Ricardo- _xCrítica e interpretación. _9173457 |
| 600 | 1 | 4 |
_aCarpentier, Alejo- _xCrítica e interpretación. _935443 |
| 600 | 1 | 4 |
_aRoa Bastos, Augusto, _d1917-2005- _xCrítica e interpretación _9173458 |
| 600 | 1 | 4 |
_aRulfo, Juan ( _d1917-1986)- _xCrítica e interpretación. _9173453 |
| 650 | 4 |
_aLiteratura hispanoamericana- _yS.XX- _xHistoria y crítica. _914614 |
|
| 830 | 1 |
_aBiblioteca románica hispánica VII. Campo abierto ; _v33 _9181186 |
|
| 852 |
_aES-MaACL _jC-55804 |
||
| 999 |
_c131499 _d131499 |
||